000 00561nam a22001937a 4500
003 koha_MIRAKIL
005 20231213100019.0
008 231213b |||||||| |||| 00| 0 ||| d
020 _b978-6-05-341051-5
040 _aTR-IsEVY
_btur
_cTR-IsEVY
082 _aFIC JOL/D
100 _aJolibois, Christian.
245 0 _aDenizi görmek isteyen meraklı tavuk
_bmeraklı tavuklar
260 _b1001 Çiçek Kitaplar,
_c2013
300 _a48 s.
650 _aChildren's literature -- Stories.
650 _aÇocuk edebiyatı -- Hikayeler.
942 _2ddc
_cBK
999 _c13127
_d13127